000 00850 a2200253 4500
003 OSt
005 20230719105132.0
008 230206s2016 mx a|||f |||| 001 0 spa d
020 _a9786076226322
040 _cCHAP
082 0 0 _222
_a005.74
_bO64
100 1 _9187630
_aOrbegozo Arana, Borja
245 1 0 _aAccess 2016:
_bmanual práctico paso a paso /
_cpor Borja Orbegozo Arana y Julio F. Cuartero Sánchez
264 1 _aMéxico:
_bAlfaomega,
_c2016.
300 _a310 páginas:
_bIlustraciones, tablas.
490 1 _aComputación.
500 _aContiene ejercicios y prácticas de refuerzo
504 _aIncluye índice
650 4 _9147206
_aAdministración de bases de datos
650 4 _9413
_aMicrosoft Access
700 1 _9187631
_aCuartero Sánchez, Julio F.
830 0 _9187633
_aComputación.
_pPaquetería
942 _cLibro
_2ddc
999 _c218276
_d218276